000
00305nam a2200133Ia 4500
100
_a
Ahmad/ S.A. ed
942
_c
BK
654
_a
atomic
245
_a
Atomic Molecular and Cluster Physics
260
_b
Narosa Pub House
_a
New Delhi
_c
1997
082
_a
539.6
_b
AHM
300
_a
411
546
_a
ENGLISH
999
_c
32432
_d
32432